Horns! Quiz Stats

 Plays Quiz not verified by Sporcle

Score 0/15 Timer 02:00
1 Play Today
Question Answer Wrong Answers
Gazelle Gazelle
87.9%
Mouflon
1.4%
Blackbuck
7.1%
Cape Buffalo Cape Buffalo
87%
Highland Cattle
6.6%
Ankole-Watusi
2.9%
Highland Cattle Highland Cattle
86%
Water Buffalo
5.6%
Pronghorn
4.3%
Moose Moose
84.2%
Caribou
11.2%
Markhor
1.4%
Pronghorn Pronghorn
82.3%
Moose
3.7%
Caribou
10.8%
Caribou Caribou
75%
Moose
15.5%
Markhor
6.1%
Dik-dik Dik-dik
64.2%
Pronghorn
17.9%
Gazelle
14%
Markhor Markhor
64.1%
Ankole-Watusi
20.5%
Oryx
12.3%
Ankole-Watusi Ankole-Watusi
61.9%
Highland Cattle
12%
Saiga
22.6%
Saiga Saiga
61%
Water Buffalo
7.8%
Dik-dik
27.7%
Oryx Oryx
60.9%
Gazelle
19%
Sable
16.9%
Mouflon Mouflon
48.2%
Sable
23%
Ibex
25.3%
Sable Sable
46.9%
Blackbuck
28.4%
Ibex
20.8%
Blackbuck Blackbuck
44.4%
Dik-dik
30.1%
Mouflon
21.4%
Ibex Ibex
39.2%
Saiga
13%
Oryx
44.6%

You're not logged in!

Compare scores with friends on all Sporcle quizzes.
OR
Log In

Show Comments

Extras

Top Quizzes Today


Score Distribution

Your Account Isn't Verified!

In order to create a playlist on Sporcle, you need to verify the email address you used during registration. Go to your Sporcle Settings to finish the process.

Report this User

Report this user for behavior that violates our Community Guidelines.

Details: